<?xml version="1.0" encoding="UTF-8"?>
<marc:record xmlns:marc="http://www.loc.gov/MARC21/slim">
   <marc:leader>00000nam a2200000 a 4500</marc:leader>
   <marc:datafield ind1="1" ind2=" " tag="100">
      <marc:subfield code="a">Springer, Nancy</marc:subfield>
      <marc:subfield code="4">aut</marc:subfield>
      <marc:subfield code="e">Verfasser/-in</marc:subfield>
   </marc:datafield>
   <marc:datafield ind1="0" ind2="0" tag="245">
      <marc:subfield code="a">Der Fall des geheimnisvollen Fächers</marc:subfield>
   </marc:datafield>
   <marc:datafield ind1=" " ind2="1" tag="264">
      <marc:subfield code="b">Knesebeck</marc:subfield>
   </marc:datafield>
   <marc:datafield ind1="1" ind2=" " tag="520">
      <marc:subfield code="a">Lady Cecily wendet sich mit einer verzweifelten verschlüsselten Botschaft an Enola. Sherlock Holmes' kleine Schwester begreift sofort, dass sie ihrer Freundin helfen muss, bevor es zu spät ist - aber wie? In ihrem bisher kompliziertester Fall geht Enola in ganz London auf Spurensuche, bis sie die abscheuliche Wahrheit entdeckt: Lady Cecily wird gefangen gehalten und soll gegen ihren Willen verheiratet werden! Enola muss ihre eigene Freiheit riskieren und sich mit ihrem Bruder Sherlock zusammentun, um ihre Freundin zu retten. Kann Enola ihrem Bruder vertrauen? Und können sie Cecily rechtzeitig befreien?</marc:subfield>
   </marc:datafield>
   <marc:datafield ind1="3" ind2=" " tag="024">
      <marc:subfield code="a">9783957282637</marc:subfield>
   </marc:datafield>
</marc:record>
